000 00483nam a2200181Ia 4500
001 8934
005 20260306160646.0
008 260306t2014||||xx |||||||||||||| ||spa||
041 _aESP
082 _a371.93
_bC97
100 _aCurwin, Richard L.
_eAUT
245 0 _aMotivar a estudiantes difíciles:
_ben contextos educativos desfavorecidos y de exclusión
260 _c2014
300 _a201 páginas :
_c21 cm.
650 _aGEN
654 _aCED
942 _cLIB
_dJUS
_fJUS
_2ddc
_n
999 _c8934
_d8934